000
00238nam a2200097Ia 4500
001
711347
005
20250826162806.0
008
250824s9999 xx 000 0 und d
245
0
_a
KÜÇÜK PRENS
_c
ANTOİNE DE SAİNT
260
_b
ATLIKARINCA
999
_c
711347
_d
711347